| 000 | 00577nam a2200205Ii 4500 | ||
|---|---|---|---|
| 003 | JO-AjNU | ||
| 008 | 230606s9999||||xx |||||||||||||| ||und|| | ||
| 040 |
_aJO-AjNU _beng _erda _cJO-AjNU |
||
| 041 | _aeng | ||
| 050 | 1 | 4 | _aPR3546 1964 |
| 100 | 3 |
_aHyman , Lawrence W, _eauthor _95436 |
|
| 245 | 0 | 0 | _aAndrew Marvell |
| 264 | 3 | 1 | _aNew York : Twayne publishers , Inc, 1964 |
| 300 | _a141p | ||
| 336 |
_atext _btxt _2rdacontent |
||
| 337 |
_aunmediated _bn _2rdamedia |
||
| 338 |
_avolume _bnc _2rdacarrier |
||
| 490 | 0 | _atwaynes English Authors Series | |
| 650 | 4 |
_apoems _95437 |
|
| 999 |
_aE2809 _c2807 _d2807 |
||